000 00791nam a22002177a 4500
999 _c15396
_d15396
003 AR-CdUCM
008 190427b ||||| |||| 00| 0 spa d
040 _aMUNICIPALIDAD PROVINCIAL DEL CUSCO
_cBIBLIOTECA MUNICIPAL DEL CUSCO
082 _a301 /
_bC79 / 1910
100 _aCornejo, Mariano H.
_97853
245 _aSociología general /
260 _aMadrid :
_bImpr. de Prudencia Pérez de Velasco,
_c1910.
300 _a545 páginas ;
_c23 cm.
505 _aContenido: Lenguaje -- Mito y religión -- La costumbre, el derecho y la moral -- Matrimonio y familia -- El estado -- La ciencia.
650 _aSociología
_9276
650 _aEl Estado
_92705
650 _aLenguaje
_95227
700 _aEchegaray, José (prólogo)
_934453
942 _2ddc
_cLIBROS
945 _aachl
_d2019-04-27